[Event "Cracovia 2009"]
[Site "Krakow"]
[Date "2010.01.02"]
[Round "6.14"]
[White "Swiech, Przemyslaw"]
[Black "Panocki, Adrian"]
[Result "0-1"]
[WhiteElo "2134"]
[BlackElo "2353"]
[PlyCount "78"]
[EventDate "2009.??.??"]

1. d4 Nf6 2. c4 e6 3. Nc3 d5 4. Nf3 c5 5. e3 Nc6 6. Bd3 dxc4 7. Bxc4 a6 8. O-O
b5 9. Bd3 Bb7 10. a3 cxd4 11. exd4 Be7 12. Be3 O-O 13. Ne5 Nxe5 14. dxe5 Nd5
15. Qc2 h6 16. Rad1 Nxe3 17. fxe3 Qb6 18. Kh1 Rad8 19. Qf2 Bg5 20. Rfe1 b4 21.
axb4 Qxb4 22. Bb1 Bh4 23. Qc2 g6 24. Rf1 Bg5 25. Rxd8 Rxd8 26. Qf2 Rd7 27. Ne2
Bh4 28. Ng3 Qd2 29. Kg1 Qxf2+ 30. Rxf2 Bxg3 31. hxg3 Rd5 32. e4 Rxe5 33. Rd2
Bxe4 34. Re2 f5 35. g4 Kf7 36. gxf5 gxf5 37. Bd3 a5 38. Kf2 Kf6 39. Ba6 Rc5 0-1

[Event "Cracovia 2009"]
[Site "Krakow"]
[Date "2010.01.02"]
[Round "6.15"]
[White "Sowul, Bartosz"]
[Black "Toma, Katarzyna"]
[Result "0-1"]
[WhiteElo "2101"]
[BlackElo "2233"]
[PlyCount "78"]
[EventDate "2009.??.??"]

1. e4 c5 2. Nf3 Nc6 3. d4 cxd4 4. Nxd4 Nf6 5. Nc3 e5 6. Ndb5 d6 7. Bg5 a6 8.
Na3 b5 9. Bxf6 gxf6 10. Nd5 f5 11. c3 Bg7 12. exf5 Bxf5 13. Nc2 O-O 14. Nce3
Be6 15. Bd3 f5 16. O-O Rb8 17. Bc2 Ne7 18. f4 Nxd5 19. Nxd5 e4 20. Kh1 Kh8 21.
Qd2 Bxd5 22. Qxd5 b4 23. c4 Bxb2 24. Rae1 Rc8 25. Bb3 Rc5 26. Qd1 Bc3 27. Re2
Qf6 28. g4 fxg4 29. Rxe4 Rg8 30. Kg2 Qh6 31. Qd3 Rh5 32. Rh1 Rh3 33. Qd5 g3 34.
c5 Rxh2+ 35. Kf3 Rf8 36. Rg1 Rf2+ 37. Ke3 R2xf4 38. Rxf4 Qxf4+ 39. Kd3 Qd2+ 0-1

[Event "Cracovia 2009"]
[Site "Krakow"]
[Date "2010.01.02"]
[Round "6.16"]
[White "Kaim, Piotr"]
[Black "Warakomska, Anna"]
[Result "1-0"]
[WhiteElo "2284"]
[BlackElo "2189"]
[PlyCount "135"]
[EventDate "2009.??.??"]

1. Nf3 d5 2. c4 e6 3. g3 dxc4 4. Qc2 Nd7 5. Qxc4 a6 6. Bg2 b5 7. Qb3 Bb7 8. O-O
Ngf6 9. d3 Be7 10. Nc3 O-O 11. Bf4 c5 12. Nd2 Bxg2 13. Kxg2 Nb6 14. a4 b4 15.
Nce4 Nfd5 16. Nc4 Nxf4+ 17. gxf4 Qd5 18. f3 Nxc4 19. Qxc4 Qxc4 20. dxc4 Rfd8
21. Rfd1 f5 22. Nf2 Bf6 23. Rxd8+ Rxd8 24. Nd3 Rxd3 25. exd3 Bxb2 26. Rb1 Bd4
27. Kf1 Kf7 28. Ke2 Ke7 29. Kd2 Kd6 30. Kc2 Be3 31. h4 e5 32. fxe5+ Kxe5 33.
Re1 Kd4 34. h5 g5 35. hxg6 hxg6 36. Rh1 b3+ 37. Kxb3 Kxd3 38. Rh7 a5 39. Ra7
Bd2 40. Rc7 Be3 41. Ra7 Bd2 42. Rg7 Ke2 43. Rxg6 Kxf3 44. Kc2 Be1 45. Kd3 f4
46. Re6 Bf2 47. Rf6 Bg3 48. Rf7 Be1 49. Ra7 Kg2 50. Rf7 Kf3 51. Rf8 Bg3 52. Kd2
Ke4 53. Ra8 Kd4 54. Rxa5 f3 55. Rb5 Kxc4 56. Rb7 Bf4+ 57. Ke1 Be3 58. a5 Kc3
59. a6 c4 60. a7 Bxa7 61. Rxa7 Kb2 62. Rb7+ Kc2 63. Rf7 c3 64. Rxf3 Kb2 65. Rf8
c2 66. Rb8+ Kc1 67. Rc8 Kb2 68. Kd2 1-0

[Event "Cracovia 2009"]
[Site "Krakow"]
[Date "2010.01.02"]
[Round "6.17"]
[White "Zysko, Jan"]
[Black "Vlcek, Stanislav"]
[Result "0-1"]
[WhiteElo "2205"]
[BlackElo "2286"]
[PlyCount "122"]
[EventDate "2009.??.??"]

1. e4 c5 2. Nf3 d6 3. d4 cxd4 4. Nxd4 Nf6 5. Nc3 a6 6. Be3 e6 7. f3 b5 8. Qd2
Nbd7 9. g4 Nb6 10. Qf2 Nfd7 11. Bd3 Bb7 12. O-O-O Rc8 13. Nce2 Nc4 14. Bxc4
Rxc4 15. Kb1 Qc7 16. Nc1 Qb8 17. h4 Be7 18. g5 O-O 19. h5 Rfc8 20. g6 Bf6 21.
h6 hxg6 22. hxg7 Bxg7 23. Qh4 d5 24. Qh7+ Kf8 25. Bh6 Bxh6 26. Qxh6+ Ke8 27.
exd5 Bxd5 28. Nd3 Rxd4 29. Qh8+ Nf8 30. Qxd4 Bxf3 31. Qf6 Bxh1 32. Rxh1 Qc7 33.
Qf2 Rd8 34. Re1 Rd5 35. Re4 Nd7 36. Rh4 Rf5 37. Qg2 Nf6 38. a4 Nd5 39. axb5
axb5 40. Rh8+ Ke7 41. Qh3 Nf4 42. Nxf4 Qxf4 43. Qa3+ b4 44. Qa7+ Kf6 45. Rc8 g5
46. Qb6 Rd5 47. c4 bxc3 48. Rxc3 Rd1+ 49. Kc2 Qd2+ 50. Kb3 Rb1 51. Rc2 Qd3+ 52.
Rc3 Qd1+ 53. Ka3 Ra1+ 54. Kb4 Qa4+ 55. Kc5 Rd1 56. b4 Rd5+ 57. Kc4 Qa2+ 58. Rb3
Qe2+ 59. Kc3 Qd2+ 60. Kc4 Qe2+ 61. Kc3 Rd3+ 0-1

[Event "Cracovia 2009"]
[Site "Krakow"]
[Date "2010.01.02"]
[Round "6.18"]
[White "Gbyl, Andrzej"]
[Black "Sliwerski, Radoslaw"]
[Result "1-0"]
[WhiteElo "2270"]
[BlackElo "2157"]
[PlyCount "75"]
[EventDate "2009.??.??"]

1. d4 Nf6 2. c4 e6 3. Nf3 b6 4. g3 Ba6 5. Nbd2 d5 6. Bg2 c6 7. O-O Be7 8. Ne5
Nfd7 9. Nxd7 Nxd7 10. Qa4 Qc8 11. cxd5 cxd5 12. Re1 O-O 13. e4 dxe4 14. Nxe4 b5
15. Qb3 Qc4 16. Bf4 Rad8 17. Rec1 Qxd4 18. Bc7 Nc5 19. Nxc5 Bxc5 20. Qc2 Bb6
21. Bxd8 Qxd8 22. Qe2 Qg5 23. Kh1 Bd4 24. f4 Qf6 25. Rc2 Rb8 26. a4 g6 27. Bc6
Qf5 28. Rd2 Qc5 29. axb5 Bxb5 30. Bxb5 Qd5+ 31. Qg2 Rxb5 32. Qxd5 Rxd5 33. Ra4
Bb6 34. Rxd5 exd5 35. Rb4 Kf8 36. Rb3 d4 37. Kg2 Ke7 38. Kf3 1-0

[Event "Cracovia 2009"]
[Site "Krakow"]
[Date "2010.01.02"]
[Round "6.19"]
[White "Jussupow, Ekaterina"]
[Black "Kalvaitis, Sigitas"]
[Result "0-1"]
[WhiteElo "2153"]
[BlackElo "2270"]
[PlyCount "86"]
[EventDate "2009.??.??"]

1. d4 e6 2. e4 d5 3. Nc3 Bb4 4. exd5 exd5 5. Bd3 Nc6 6. a3 Be7 7. Nf3 Bg4 8. h3
Bh5 9. g4 Bg6 10. Bf4 Nf6 11. Qe2 O-O 12. O-O-O Re8 13. Bxg6 hxg6 14. Ne5 Bd6
15. Bg3 Qe7 16. Rhe1 Bxa3 17. Nxc6 bxc6 18. Qd3 Bxb2+ 19. Kxb2 Qb4+ 20. Kc1
Rxe1 21. Rxe1 a5 22. f3 Nd7 23. Bxc7 Rc8 24. Bg3 Nb6 25. Nd1 a4 26. Qc3 Qb5 27.
Qc5 Qa6 28. Nc3 Nc4 29. Re7 Ra8 30. Rc7 a3 31. Qe7 Rf8 32. Ra7 Qb6 33. Bh4 Qb8
34. Qb7 Qf4+ 35. Kb1 Kh7 36. Qb4 c5 37. Qxc5 Rb8+ 38. Nb5 Qd2 39. Bg5 Qd1+ 40.
Bc1 Nd2+ 41. Ka2 Qxc1 42. Qc3 Rxb5 43. Rxf7 Rb2+ 0-1

[Event "Cracovia 2009"]
[Site "Krakow"]
[Date "2010.01.02"]
[Round "6.21"]
[White "Jagodzinski, Piotr"]
[Black "Czyz, Artur"]
[Result "1-0"]
[WhiteElo "2207"]
[BlackElo "2070"]
[PlyCount "93"]
[EventDate "2009.??.??"]

1. e4 e5 2. Nf3 Nc6 3. Bb5 a6 4. Ba4 Nf6 5. d3 d6 6. c3 g6 7. Nbd2 Bg7 8. Nf1
O-O 9. Bg5 b5 10. Bc2 Qe8 11. Bxf6 Bxf6 12. Ne3 Bg7 13. h4 Ra7 14. h5 b4 15.
hxg6 hxg6 16. Ng5 bxc3 17. bxc3 Qd8 18. Nh7 Re8 19. Ba4 Bd7 20. Nd5 Nb8 21.
Bxd7 Nxd7 22. Qa4 Ra8 23. Qxd7 Qxd7 24. Nhf6+ Bxf6 25. Nxf6+ Kg7 26. Nxd7 Red8
27. Nxe5 dxe5 28. Ke2 Rab8 29. Rab1 a5 30. a4 c6 31. Kd2 Kf6 32. Kc2 Ke6 33.
Rxb8 Rxb8 34. g3 Kd6 35. Rh7 Rb7 36. Rh8 Ra7 37. f4 exf4 38. gxf4 Ke6 39. d4 f5
40. e5 c5 41. Rd8 cxd4 42. cxd4 Rh7 43. d5+ Ke7 44. Ra8 Rh4 45. Ra7+ Kd8 46. d6
Rxf4 47. e6 1-0

[Event "Cracovia 2009"]
[Site "Krakow"]
[Date "2010.01.02"]
[Round "6.22"]
[White "Kireev, Andrey"]
[Black "Andrenko, Irina"]
[Result "0-1"]
[WhiteElo "2163"]
[BlackElo "2154"]
[PlyCount "98"]
[EventDate "2009.??.??"]

1. c4 Nf6 2. Nc3 g6 3. e4 d6 4. d3 c5 5. Be2 Bg7 6. Be3 Nc6 7. Qd2 Nd4 8. Bd1
Ng4 9. Bxg4 Bxg4 10. f3 Bd7 11. h4 h5 12. Rc1 a6 13. Nge2 b5 14. Nd5 Nxe2 15.
Kxe2 e6 16. Nf4 Rb8 17. b3 b4 18. g3 a5 19. d4 cxd4 20. Bxd4 e5 21. Bb2 O-O 22.
Nh3 Bxh3 23. Rxh3 Qd7 24. Rh2 f5 25. Qd5+ Kh7 26. Rd1 fxe4 27. Qxe4 Rf5 28. Rd3
Rbf8 29. Bc1 Qa7 30. Be3 Qd7 31. Bg5 Qa7 32. Rf2 a4 33. Kf1 axb3 34. axb3 Qa1+
35. Kg2 Qb1 36. Re3 Qxe4 37. Rxe4 Ra8 38. Be7 Bf8 39. Bxf8 Rfxf8 40. Rd2 Rf6
41. f4 exf4 42. gxf4 Ra3 43. Rd3 Kg7 44. Kf3 Ra1 45. Ke3 Kf7 46. Kd4 Rh1 47. c5
dxc5+ 48. Kxc5 Rxh4 49. Rd7+ Kg8 0-1

[Event "Cracovia 2009"]
[Site "Krakow"]
[Date "2010.01.02"]
[Round "6.23"]
[White "Shilov, Sergej"]
[Black "Malec, Sebastian"]
[Result "0-1"]
[WhiteElo "2267"]
[BlackElo "2100"]
[PlyCount "84"]
[EventDate "2009.??.??"]

1. Nf3 Nf6 2. c4 e6 3. g3 d5 4. Bg2 Be7 5. O-O O-O 6. d4 dxc4 7. Ne5 Nc6 8.
Nxc6 bxc6 9. e3 Ba6 10. Re1 Rb8 11. Bxc6 Qd6 12. Bg2 c5 13. Nc3 Rfd8 14. Qc2
Nd5 15. Nxd5 exd5 16. e4 cxd4 17. Bf4 Qb6 18. Bxb8 Rxb8 19. exd5 Bf6 20. Qe4 g6
21. Rac1 d3 22. Rxc4 Bxc4 23. Qxc4 Bd4 24. Rf1 d2 25. Qd3 Qxb2 26. Rd1 Bc3 27.
d6 Ba5 28. Bd5 Qf6 29. Bb3 Rd8 30. Qd5 Qf5 31. Qc6 Bb4 32. Qb7 a5 33. a3 Bc3
34. Qc7 Qf6 35. Bxf7+ Kh8 36. Bd5 Rxd6 37. Rb1 Bb2 38. Bf3 Re6 39. Rxb2 Re1+
40. Kg2 Qxf3+ 41. Kh3 Qh5+ 42. Kg2 Rg1+ 0-1

[Event "Cracovia 2009"]
[Site "Krakow"]
[Date "2010.01.02"]
[Round "6.24"]
[White "Gosciniak, Maria"]
[Black "Wandzik, Wojciech"]
[Result "0-1"]
[WhiteElo "2188"]
[BlackElo "2092"]
[PlyCount "134"]
[EventDate "2009.??.??"]

1. e4 d5 2. exd5 Qxd5 3. Nc3 Qa5 4. d4 Nf6 5. Nf3 c6 6. Bc4 Bf5 7. Bd2 e6 8.
Nd5 Qd8 9. Nxf6+ gxf6 10. Bb3 Nd7 11. Qe2 Qc7 12. O-O-O O-O-O 13. Nh4 Bg6 14.
Nxg6 hxg6 15. h4 Bh6 16. g4 Nb6 17. Be3 Nd5 18. Qf3 f5 19. g5 Bg7 20. Kb1 Rh5
21. Bxd5 exd5 22. Bf4 Qd7 23. Qa3 b6 24. Qa6+ Qb7 25. Qe2 Qd7 26. Rd3 Re8 27.
Qd2 Kb7 28. a4 Re6 29. a5 b5 30. a6+ Ka8 31. Re3 Re4 32. Rxe4 fxe4 33. Qb4 Rh8
34. Bg3 Bf8 35. Qa5 Bd6 36. Bxd6 Qxd6 37. Rh3 Kb8 38. Qd2 Kc7 39. f3 Qe6 40.
Rh1 Kb6 41. fxe4 dxe4 42. Rf1 e3 43. Qh2 e2 44. Re1 Re8 45. Qg3 Kxa6 46. Kc1
Qe4 47. c3 b4 48. Kd2 b3 49. Qd3+ Qxd3+ 50. Kxd3 Kb5 51. Rxe2 Rxe2 52. Kxe2 Kc4
53. Ke3 a5 54. Ke2 a4 55. Kd2 Kb5 56. Kc1 Ka5 57. Kb1 Ka6 58. Kc1 Kb5 59. Kd1
a3 60. bxa3 Ka4 61. Kc1 Kxa3 62. Kb1 b2 63. c4 Kb4 64. d5 cxd5 65. cxd5 Kc5 66.
Kxb2 Kxd5 67. Kc3 Ke4 0-1

[Event "Cracovia 2009"]
[Site "Krakow"]
[Date "2010.01.02"]
[Round "6.25"]
[White "Baumann, Dariusz"]
[Black "Veltkamp, Gerben"]
[Result "0-1"]
[WhiteElo "2085"]
[BlackElo "2166"]
[PlyCount "126"]
[EventDate "2009.??.??"]

1. d4 d5 2. c4 c6 3. Nf3 Nf6 4. Nc3 a6 5. c5 Nbd7 6. Bf4 Nh5 7. e3 g6 8. b4 Bg7
9. Be2 O-O 10. O-O f6 11. Bg3 Nxg3 12. hxg3 f5 13. Ng5 Nf6 14. f4 Ng4 15. Qd2
e5 16. Nf3 exd4 17. exd4 Be6 18. Ne5 Qc7 19. Bxg4 fxg4 20. Rfe1 Rae8 21. Re3
Bf6 22. Rae1 Qg7 23. a4 Bf5 24. b5 axb5 25. axb5 Re6 26. Ra1 g5 27. Ra7 Qh6 28.
Ne2 cxb5 29. Qa2 gxf4 30. gxf4 Bxe5 31. Rxe5 Rxe5 32. dxe5 Be4 33. Qb3 Qc6 34.
Qc3 b6 35. cxb6 Qxb6+ 36. Qd4 Qxd4+ 37. Nxd4 Rxf4 38. Nxb5 Bd3 39. Nd6 g3 40.
Ra8+ Kg7 41. Ra1 Rf2 42. Re1 Be2 43. Ne8+ Kf7 44. Nf6 Ke6 45. Nxh7 Kxe5 46. Ng5
Kd4 47. Ne6+ Ke3 48. Ra1 d4 49. Nc5 Rf5 50. Rc1 d3 51. Nb3 Rb5 52. Rb1 Rf5 53.
Re1 d2 54. Nxd2 Kxd2 55. Ra1 Bd3 56. Ra2+ Ke3 57. Ra1 Rf2 58. Re1+ Kf4 59. Kh1
Be4 60. Kg1 Rxg2+ 61. Kf1 Rf2+ 62. Kg1 Rh2 63. Kf1 Bf3 0-1

[Event "Cracovia 2009"]
[Site "Krakow"]
[Date "2010.01.02"]
[Round "6.26"]
[White "Slabek, Grzegorz"]
[Black "Pietruszewski, Marcin"]
[Result "1/2-1/2"]
[WhiteElo "2154"]
[BlackElo "2071"]
[PlyCount "86"]
[EventDate "2009.??.??"]

1. d4 d5 2. Nf3 Nf6 3. e3 Bg4 4. Nbd2 Nbd7 5. Be2 e6 6. O-O Be7 7. b3 O-O 8.
Bb2 Rc8 9. c4 c5 10. Rc1 a6 11. h3 Bh5 12. Re1 Qb6 13. Ne5 Bxe2 14. Nxd7 Nxd7
15. Qxe2 dxc4 16. Nxc4 Qb5 17. Red1 cxd4 18. Bxd4 Rfd8 19. Qb2 f6 20. a4 Qf5
21. a5 Qb5 22. Qa2 Kf8 23. Qb1 h6 24. Rc2 e5 25. Ba7 Nc5 26. Bxc5 Qxc5 27. Rcd2
Qb4 28. Qc2 Rxd2 29. Rxd2 Rd8 30. Rd1 Qc5 31. Rxd8+ Bxd8 32. Qd1 Ke7 33. Kf1
Bc7 34. f3 Ke6 35. e4 Qb5 36. Qc2 Bd6 37. Ke2 Bc5 38. Qd3 Bd4 39. f4 g6 40. g4
Ke7 41. f5 g5 42. Kd1 Qb4 43. Kc2 Qe1 1/2-1/2

[Event "Cracovia 2009"]
[Site "Krakow"]
[Date "2010.01.02"]
[Round "6.27"]
[White "Staroszczyk, Mateusz"]
[Black "Luca, Ionel"]
[Result "0-1"]
[WhiteElo "2044"]
[BlackElo "2153"]
[PlyCount "148"]
[EventDate "2009.??.??"]

1. e4 d6 2. d4 Nf6 3. Nc3 c6 4. a4 Nbd7 5. Bc4 e5 6. Nge2 exd4 7. Nxd4 Ne5 8.
Ba2 Be7 9. O-O O-O 10. Kh1 c5 11. Nde2 b6 12. f3 Be6 13. Nf4 Bxa2 14. Rxa2 Nc6
15. Be3 Nb4 16. Ra1 Ne8 17. Ncd5 Bg5 18. Nxb4 Bxf4 19. Bxf4 cxb4 20. Qd4 Rc8
21. Rf2 a5 22. Rd1 Qc7 23. h3 Qc6 24. b3 f5 25. Qd5+ Qxd5 26. exd5 Nf6 27. Re2
Rfe8 28. Re6 Rxe6 29. dxe6 Ne8 30. Rd2 Rc6 31. Bg5 Nc7 32. Re2 d5 33. e7 Kf7
34. Bf4 Ne6 35. Re5 g6 36. Bg5 Rd6 37. h4 h6 38. Bxh6 Kxe7 39. Bg5+ Kf7 40. Kg1
Rd7 41. Re2 Rc7 42. Rd2 d4 43. Kf2 Rc5 44. Kg3 b5 45. axb5 Rxb5 46. Bf4 Rc5 47.
Bb8 Rd5 48. Ba7 Ke7 49. f4 Kd6 50. Bb8+ Kc6 51. Be5 Kb5 52. Kf3 a4 53. bxa4+
Kc4 54. Rd3 Ra5 55. g4 fxg4+ 56. Kxg4 Kd5 57. f5 gxf5+ 58. Kxf5 Rxa4 59. h5 Ra1
60. Bg3 Rf1+ 61. Kg6 Nc5 62. Rd2 Rg1 63. h6 Rxg3+ 64. Kf7 Rh3 65. Kg6 Ne4 66.
Rg2 Kc4 67. Rg4 Nf2 68. Rg5 d3 69. cxd3+ Nxd3 70. h7 Nf4+ 71. Kf5 Rxh7 72. Kxf4
b3 73. Rg8 Rb7 74. Rc8+ Kb4 0-1

[Event "Cracovia 2009"]
[Site "Krakow"]
[Date "2010.01.02"]
[Round "6.28"]
[White "Korosciel, Aneta"]
[Black "Bakalarz, Leszek"]
[Result "0-1"]
[WhiteElo "2030"]
[BlackElo "2137"]
[PlyCount "84"]
[EventDate "2009.??.??"]

1. e4 c5 2. Nf3 d6 3. Bb5+ Bd7 4. Bxd7+ Qxd7 5. c4 Nc6 6. Nc3 g6 7. d4 cxd4 8.
Nxd4 Bg7 9. Be3 Nf6 10. f3 O-O 11. O-O Rfc8 12. b3 Qd8 13. Qd2 Nd7 14. Rab1 Qa5
15. Rfd1 Nxd4 16. Bxd4 Bxd4+ 17. Qxd4 Qc5 18. Nd5 Kf8 19. Kf1 Qxd4 20. Rxd4 a6
21. a4 Rc5 22. Nc3 Rac8 23. Ke2 R5c6 24. Rd2 e6 25. f4 Ke7 26. g4 h6 27. Ke3 g5
28. h3 gxf4+ 29. Kxf4 Rg8 30. Ne2 Rg5 31. h4 Rg8 32. g5 hxg5+ 33. hxg5 Nc5 34.
b4 Nxa4 35. b5 axb5 36. cxb5 Rc4 37. Ke3 Rxg5 38. Rbd1 Nc5 39. Rxd6 Rxe4+ 40.
Kf2 Rf5+ 41. Ke1 Rfe5 42. R6d2 Nb3 0-1

[Event "Cracovia 2009"]
[Site "Krakow"]
[Date "2010.01.02"]
[Round "6.29"]
[White "Wiewiora, Eneasz"]
[Black "Watorek, Marcin"]
[Result "1-0"]
[WhiteElo "2023"]
[BlackElo "2133"]
[PlyCount "59"]
[EventDate "2009.??.??"]

1. e4 c5 2. c3 d5 3. exd5 Qxd5 4. d4 Nf6 5. Nf3 e6 6. Bd3 Nc6 7. O-O cxd4 8.
cxd4 Be7 9. Nc3 Qd6 10. a3 O-O 11. Be3 a6 12. Rc1 g6 13. h3 Bd7 14. Qe2 b5 15.
b4 Rac8 16. Rfd1 Rfd8 17. Bg5 Be8 18. Bb1 Nd5 19. Ne4 Qb8 20. Bxe7 Ncxe7 21.
Rc5 Nb6 22. Ba2 Na4 23. Rcc1 Nd5 24. Rxc8 Rxc8 25. Bxd5 exd5 26. Nf6+ Kg7 27.
Qe7 Bc6 28. Ng5 Qb7 29. Qe5 Nc3 30. Re1 1-0

[Event "Cracovia 2009"]
[Site "Krakow"]
[Date "2010.01.02"]
[Round "6.30"]
[White "Kumor, Lukasz"]
[Black "Iwanow, Anna"]
[Result "1-0"]
[WhiteElo "2104"]
[BlackElo "2026"]
[PlyCount "81"]
[EventDate "2009.??.??"]

1. e4 c5 2. Nf3 d6 3. d4 cxd4 4. Nxd4 Nf6 5. Nc3 a6 6. Be2 e6 7. Be3 Be7 8. O-O
O-O 9. f4 Qc7 10. a4 Nc6 11. Nxc6 bxc6 12. a5 Rb8 13. Ra2 e5 14. f5 Rb4 15. Bf3
d5 16. exd5 e4 17. Bh5 Rd8 18. Bb6 Rxb6 19. axb6 Qxb6+ 20. Kh1 cxd5 21. Na4 Qc7
22. c3 Qe5 23. Be2 Bxf5 24. Qd4 Qe6 25. Nc5 Bxc5 26. Qxc5 Ng4 27. Rxa6 Qe5 28.
Bxg4 Bxg4 29. Ra7 Bh5 30. Re7 Qg5 31. Qd6 Rf8 32. Re5 Qg4 33. Qxd5 Qe2 34. Rg1
Bg6 35. b4 Qb2 36. Qc6 f5 37. Re7 f4 38. Qc7 f3 39. Rxg7+ Kh8 40. gxf3 Qe2 41.
Rxh7+ 1-0

[Event "Cracovia 2009"]
[Site "Krakow"]
[Date "2010.01.02"]
[Round "6.31"]
[White "Jussupow, Alexander"]
[Black "Gluszko, Monika"]
[Result "1-0"]
[WhiteElo "2110"]
[BlackElo "1983"]
[PlyCount "81"]
[EventDate "2009.??.??"]

1. d4 Nf6 2. Nf3 g6 3. Bf4 Bg7 4. h3 O-O 5. e3 d6 6. Be2 Nbd7 7. O-O Qe8 8. Bh2
e5 9. c4 Qe7 10. Nc3 c6 11. Qc2 Ne8 12. b4 f5 13. b5 g5 14. Rac1 h5 15. Rfd1 g4
16. Ne1 gxh3 17. gxh3 Ndf6 18. dxe5 dxe5 19. Nf3 e4 20. Nd4 c5 21. Nb3 f4 22.
Bxf4 Bxh3 23. Nd5 Qf7 24. Kh2 Bg4 25. Nxc5 Bf3 26. Bxf3 exf3 27. Ne4 Ng4+ 28.
Kg1 Bf6 29. Nexf6+ Nexf6 30. Qf5 Kh8 31. Nxf6 Nxf6 32. Kh1 Ng4 33. Be5+ Kg8 34.
Qg5+ Kh7 35. Bg3 Rg8 36. Qh4 Qg6 37. Rd7+ Kh8 38. Rg1 Rac8 39. Be5+ Nxe5 40.
Rxg6 Rxg6 41. Qxh5+ 1-0

[Event "Cracovia 2009"]
[Site "Krakow"]
[Date "2010.01.02"]
[Round "6.32"]
[White "Rago, Riccardo"]
[Black "Zajac, Mateusz"]
[Result "1/2-1/2"]
[WhiteElo "2105"]
[BlackElo "1839"]
[PlyCount "48"]
[EventDate "2009.??.??"]

1. e4 c5 2. Nf3 Nc6 3. d4 cxd4 4. Nxd4 g6 5. Nc3 Bg7 6. Be3 Nf6 7. Be2 O-O 8.
O-O d5 9. exd5 Nxd5 10. Nxd5 Qxd5 11. Bf3 Qc4 12. Nxc6 bxc6 13. c3 Be6 14. b3
Qa6 15. Be2 Qa5 16. Bd4 Rfd8 17. Qc2 Bxd4 18. cxd4 Rxd4 19. Qxc6 Rc8 20. Qb7
Rd2 21. Bc4 Rc7 22. Qb8+ Rc8 23. Qb7 Rc7 24. Qb8+ Rc8 1/2-1/2

[Event "Cracovia 2009"]
[Site "Krakow"]
[Date "2010.01.02"]
[Round "6.33"]
[White "Motyl, Tomasz"]
[Black "Kondopoulos, Dimitrios"]
[Result "1-0"]
[WhiteElo "2022"]
[BlackElo "2061"]
[PlyCount "75"]
[EventDate "2009.??.??"]

1. e4 e5 2. Nc3 Nf6 3. Bc4 Nxe4 4. Qh5 Nd6 5. Bb3 Nc6 6. Nb5 g6 7. Qf3 Qh4 8.
g3 Qe7 9. Nxc7+ Kd8 10. Nxa8 b6 11. Nxb6 axb6 12. Qe3 Nd4 13. c3 N6f5 14. Qe4
Nd6 15. Qa8 Kc7 16. cxd4 exd4+ 17. Kf1 Bb7 18. Qa7 Bg7 19. Bd5 d3 20. Bxb7 Nxb7
21. Nf3 g5 22. h3 h5 23. Qa4 f5 24. Nxg5 Qe2+ 25. Kg2 h4 26. Qf4+ Be5 27. Qe3
hxg3 28. Qxe2 dxe2 29. d4 Bxd4 30. Bf4+ Kc6 31. Rac1+ Kd5 32. fxg3 Nc5 33. Rc2
Re8 34. Re1 Nd3 35. Rexe2 Ra8 36. Rcd2 Kc4 37. b3+ Kc3 38. Rc2+ 1-0

[Event "Cracovia 2009"]
[Site "Krakow"]
[Date "2010.01.02"]
[Round "6.35"]
[White "Jussupow, Nadia"]
[Black "Grabowski, Adam"]
[Result "1-0"]
[WhiteElo "2178"]
[BlackElo "1924"]
[PlyCount "83"]
[EventDate "2009.??.??"]

1. d4 Nf6 2. Nf3 c5 3. e3 g6 4. Bd3 Bg7 5. O-O O-O 6. c3 cxd4 7. exd4 d5 8. Re1
Bg4 9. h3 Bxf3 10. Qxf3 Nbd7 11. Bf4 Re8 12. Nd2 Qb6 13. Nb3 a5 14. Rab1 Qc6
15. Qe2 e6 16. Bb5 Qb6 17. a4 Red8 18. Qf3 Ne4 19. Nd2 Nxd2 20. Bxd2 Nb8 21.
Bg5 Rc8 22. h4 h6 23. Bf4 Qd8 24. h5 g5 25. Bh2 Nc6 26. Bd3 Qf6 27. Qe3 Re8 28.
Bb5 Red8 29. Re2 Na7 30. Bd3 Nc8 31. Bc2 Nb6 32. Bc7 Nd7 33. Qd3 Rdc8 34. Bd6
Nf8 35. Qb5 Qd8 36. Bxf8 Bxf8 37. Qd3 Bg7 38. Rf1 Qd6 39. Re3 f5 40. Rfe1 Re8
41. Qe2 Kf7 42. Bxf5 1-0

[Event "Cracovia 2009"]
[Site "Krakow"]
[Date "2010.01.02"]
[Round "6.36"]
[White "Tantsiura, Marja"]
[Black "Llaneza Vega, Victor"]
[Result "1-0"]
[WhiteElo "1995"]
[BlackElo "2045"]
[PlyCount "60"]
[EventDate "2009.??.??"]

1. e4 c5 2. c3 d5 3. exd5 Qxd5 4. d4 cxd4 5. Nf3 Bg4 6. Qa4+ Bd7 7. Qxd4 Qxd4
8. Nxd4 Nc6 9. Be3 Nf6 10. f3 Nd5 11. Bf2 O-O-O 12. Nd2 e5 13. Nxc6 Bxc6 14.
Bc4 Kb8 15. Ne4 Be7 16. O-O f5 17. Nc5 Bxc5 18. Bxc5 b6 19. Bf2 Rhe8 20. Rfe1
Kb7 21. a4 e4 22. fxe4 fxe4 23. Bd4 Nf4 24. Rf1 g5 25. g3 Nh3+ 26. Kg2 g4 27.
Rf7+ Kb8 28. Bb5 Bd5 29. Bxe8 e3+ 30. Kf1 Rxe8 1-0

[Event "Cracovia 2009"]
[Site "Krakow"]
[Date "2010.01.02"]
[Round "7.1"]
[White "Zubov, Alexander"]
[Black "Shishkin, Vadim"]
[Result "1/2-1/2"]
[WhiteElo "2581"]
[BlackElo "2507"]
[PlyCount "21"]
[EventDate "2009.??.??"]

1. d4 Nf6 2. c4 g6 3. Nc3 d5 4. Nf3 Bg7 5. Bf4 O-O 6. Rc1 dxc4 7. e4 Bg4 8.
Bxc4 Nh5 9. Be3 Bxf3 10. gxf3 e5 11. dxe5 1/2-1/2

[Event "Cracovia 2009"]
[Site "Krakow"]
[Date "2010.01.02"]
[Round "7.5"]
[White "Sharapov, Evgeny"]
[Black "Skawinski, Arkadiusz"]
[Result "1-0"]
[WhiteElo "2521"]
[BlackElo "2206"]
[PlyCount "75"]
[EventDate "2009.??.??"]

1. e4 e6 2. d4 d5 3. Nc3 Bb4 4. e5 c5 5. a3 Bxc3+ 6. bxc3 Ne7 7. Nf3 Bd7 8. a4
Qa5 9. Qd2 Nbc6 10. Be2 cxd4 11. cxd4 Qxd2+ 12. Bxd2 Nf5 13. Bc3 Rc8 14. Kd2 f6
15. g4 Nfe7 16. exf6 gxf6 17. h4 Kf7 18. h5 h6 19. a5 a6 20. Rhg1 Na7 21. Bb4
Bb5 22. Bd1 Rhg8 23. Bd6 Rgd8 24. Bc5 Nac6 25. c3 Ne5 26. Nxe5+ fxe5 27. Bc2
Nc6 28. Bg6+ Kg7 29. g5 exd4 30. cxd4 Ne5 31. gxh6+ Kxh6 32. Rg3 Nc4+ 33. Ke1
Rd7 34. f4 Rg7 35. Kf2 Rcg8 36. Re1 Bd7 37. Bb4 Be8 38. f5 1-0

[Event "Cracovia 2009"]
[Site "Krakow"]
[Date "2010.01.02"]
[Round "7.7"]
[White "Toma, Katarzyna"]
[Black "Rutkowski, Maciej"]
[Result "1/2-1/2"]
[WhiteElo "2233"]
[BlackElo "2405"]
[PlyCount "78"]
[EventDate "2009.??.??"]

1. e4 e5 2. Nf3 Nc6 3. d4 exd4 4. Nxd4 Bc5 5. Be3 Qf6 6. c3 Nge7 7. Bc4 b6 8.
O-O Bb7 9. b4 Bxd4 10. cxd4 Nxb4 11. Qb3 Nbc6 12. Qc3 O-O 13. f4 d5 14. e5 Qe6
15. Be2 f5 16. Nd2 Qd7 17. Rfc1 Rfc8 18. Nb3 Nd8 19. Rab1 Rab8 20. Qd2 Ne6 21.
Rb2 Rd8 22. Bf1 Qa4 23. Nc5 bxc5 24. Bb5 Qa3 25. Rb3 Qxc1+ 26. Qxc1 cxd4 27.
Bf2 Ng6 28. Bc6 Bxc6 29. Qxc6 Kf7 30. g3 Rb6 31. Qa4 Rxb3 32. axb3 c5 33. Qxa7+
Ne7 34. Kf1 Rc8 35. Ke2 Rc7 36. Qb6 Rc6 37. Qa7 Rc7 38. Qb6 Rc6 39. Qa7 Rc7
1/2-1/2

[Event "Cracovia 2009"]
[Site "Krakow"]
[Date "2010.01.02"]
[Round "7.8"]
[White "Krzyzanowski, Marcin"]
[Black "Dworakowska, Joanna"]
[Result "1/2-1/2"]
[WhiteElo "2333"]
[BlackElo "2361"]
[PlyCount "133"]
[EventDate "2009.??.??"]

1. e4 c5 2. Nf3 d6 3. d4 cxd4 4. Nxd4 Nf6 5. Nc3 a6 6. Bg5 e6 7. f4 Qc7 8. Qf3
b5 9. Bxf6 gxf6 10. O-O-O b4 11. Nce2 Bb7 12. Qh5 Bxe4 13. Ng3 Bd5 14. f5 Kd8
15. fxe6 fxe6 16. Qxd5 exd5 17. Ne6+ Kd7 18. Nxc7 Kxc7 19. Rxd5 Nc6 20. Rf5 Be7
21. Bd3 Ne5 22. Be4 Rag8 23. Bd5 Rg5 24. Rhf1 h5 25. Ne2 Kb6 26. h4 Rxf5 27.
Rxf5 Ng4 28. Bf3 Ne3 29. Rf4 d5 30. Kd2 Nc4+ 31. Ke1 Nxb2 32. Bxd5 Rc8 33. Be4
Nc4 34. g4 hxg4 35. Rxg4 Rh8 36. Bd3 Ne5 37. Rf4 a5 38. Nd4 Rg8 39. h5 Rg1+ 40.
Bf1 Rh1 41. Nf5 Bd8 42. Ng3 Rh2 43. Be2 Nd7 44. Rd4 Kc7 45. Nf1 Rg2 46. Ne3 Rg8
47. Nd5+ Kb8 48. Nxb4 axb4 49. Rxd7 f5 50. Rf7 Rg1+ 51. Bf1 Bb6 52. Rxf5 Rh1
53. Ke2 Kc7 54. Bg2 Rh4 55. Rf7+ Kd6 56. Rf6+ Kc5 57. Bf3 Kb5 58. h6 Bd4 59.
Rf5+ Kc4 60. Rh5 Rxh5 61. Bxh5 Bb2 62. h7 Ba1 63. Ke3 Kd5 64. Bf7+ Kd6 65. Kd3
Kc5 66. Ke4 Bc3 67. Bb3 1/2-1/2